[Event "Dresden ZMD op-C 21th"]
[Site "Dresden"]
[Date "2012.08.26"]
[Round "9"]
[White "Schubert, Frank"]
[Black "Sorge, Dieter"]
[Result "1-0"]
[WhiteElo "1540"]
[BlackElo "1320"]
[PlyCount "67"]
[EventDate "2012.08.18"]
[EventType "swiss"]
[EventRounds "9"]
[EventCountry "GER"]
[SourceTitle "CBM 150 Extra"]
[Source "ChessBase"]
[SourceDate "2012.10.19"]
[SourceVersion "1"]
[SourceVersionDate "2012.10.19"]
[SourceQuality "1"]

1. c4 e6 2. g3 Nf6 3. Bg2 d5 4. cxd5 exd5 5. Nf3 Be6 6. 0-0 h6 7. Nc3 Be7 8. Qc2 Qd7 9. Ne5 Qd8 10. Nb5 c6 11. Nd4 Qc8 12. Nxe6 Qxe6 13. d4 Nbd7 14. f4 Nxe5 15. dxe5 Nd7 16. Qb3 Rb8 17. f5 Bc5+ 18. Kh1 Qe7 19. Bf4 Nxe5 20. e4 d4 21. Rfd1 Rd8 22. Bxe5 Qxe5 23. Qxb7 Qd6 24. e5 Qc7 25. Qxc6+ Kf8 26. Rac1 Bb6 27. e6 Qd6 28. Re1 Qxc6 29. e7+ Kg8 30. exd8Q+ Bxd8 31. Rxc6 Kh7 32. Rc8 Bf6 33. Rxh8+ Kxh8 34. Bd5 1-0

[Event "Dresden ZMD op-C 21th"]
[Site "Dresden"]
[Date "2012.08.23"]
[Round "6"]
[White "Abdurakhimov, Peter"]
[Black "Sorge, Dieter"]
[Result "1-0"]
[WhiteElo "1601"]
[BlackElo "1320"]
[PlyCount "124"]
[EventDate "2012.08.18"]
[EventType "swiss"]
[EventRounds "9"]
[EventCountry "GER"]
[SourceTitle "CBM 150 Extra"]
[Source "ChessBase"]
[SourceDate "2012.10.19"]
[SourceVersion "1"]
[SourceVersionDate "2012.10.19"]
[SourceQuality "1"]

1. e4 Nf6 2. e5 Nd5 3. d4 d6 4. c4 Nb6 5. f4 dxe5 6. fxe5 Bf5 7. Nf3 e6 8. Bd3 Bxd3 9. Qxd3 c5 10. 0-0 Nc6 11. Ng5 Qxd4+ 12. Qxd4 Nxd4 13. Nxf7 Rg8 14. Na3 Nf5 15. Ng5 Nd4 16. Nxh7 Nd7 17. Nxf8 Rxf8 18. Re1 a6 19. b3 Nc6 20. Bb2 Rf5 21. Nc2 Ncxe5 22. Re3 Ke7 23. Rae1 Kd6 24. Rd1+ Ke7 25. Re4 Rg5 26. h4 Rh5 27. g4 Rxh4 28. Bxe5 Nxe5 29. Rxe5 Rxg4+ 30. Kf2 Rf8+ 31. Ke1 Rh8 32. Kd2 Rh2+ 33. Re2 Rgg2 34. Rxg2 Rxg2+ 35. Kc1 g5 36. Rd2 Rg3 37. Kd1 Kf6 38. Ke1 Rh3 39. Kf1 Rh7 40. Kg2 Re7 41. Kf3 Rh7 42. Kg3 Rc7 43. Ne3 Rh7 44. Ng4+ Ke7 45. Rf2 Kd6 46. Rf6 Rg7 47. Rf2 Ke7 48. Nh2 Rf7 49. Rxf7+ Kxf7 50. Kg4 Kf6 51. Nf3 b5 52. Nxg5 bxc4 53. bxc4 Ke5 54. Nxe6 Kxe6 55. Kf4 Kd6 56. Kf5 a5 57. a4 Kd7 58. Ke5 Ke7 59. Kd5 Kf6 60. Kxc5 Ke5 61. Kb6 Kd4 62. c5 Kc4 1-0

[Event "Dresden ZMD op-C 21th"]
[Site "Dresden"]
[Date "2012.08.22"]
[Round "5"]
[White "Sorge, Dieter"]
[Black "Schulze, Lukas"]
[Result "1-0"]
[WhiteElo "1320"]
[BlackElo "970"]
[PlyCount "75"]
[EventDate "2012.08.18"]
[EventType "swiss"]
[EventRounds "9"]
[EventCountry "GER"]
[SourceTitle "CBM 150 Extra"]
[Source "ChessBase"]
[SourceDate "2012.10.19"]
[SourceVersion "1"]
[SourceVersionDate "2012.10.19"]
[SourceQuality "1"]

1. d4 Nf6 2. g3 e6 3. Bg2 Nd5 4. e4 Nb6 5. Nf3 d5 6. e5 c5 7. c3 Nc6 8. 0-0 Nd7 9. Re1 Qb6 10. a4 cxd4 11. cxd4 Bb4 12. Re2 0-0 13. Nc3 Bxc3 14. bxc3 Qa5 15. Bd2 Qb6 16. Rb1 Qa6 17. Bf1 Qa5 18. c4 Qc7 19. cxd5 exd5 20. Be3 Nb6 21. Ra2 Bf5 22. Rc1 Be4 23. Ng5 Nb4 24. Rxc7 Nxa2 25. Qb3 h6 26. Nxe4 dxe4 27. Qxa2 Rab8 28. e6 g5 29. Rxf7 Rxf7 30. exf7+ Kf8 31. Qe6 Nxa4 32. Bb5 a6 33. Qe8+ Rxe8 34. fxe8Q+ Kg7 35. Bxa4 b5 36. Bb3 g4 37. Qf7+ Kh8 38. Qg8# 1-0